000
00219nam a22000857a 4500
008
161115b xxu||||| |||| 00| 0 eng d
100
_9
1208
_a
Orlev. V
245
_a
Granny knits
260
_a
New delhi
_b
National book trust
_c
2006
999
_c
3899
_d
3899